| 000 | 00634nam a2200229 a 4500 | ||
|---|---|---|---|
| 001 | 17076 | ||
| 003 | CO-ViMGA | ||
| 008 | 141112s2004 ck r 000 u spa d | ||
| 020 | _a8439705530 | ||
| 040 |
_aCO-ViMGA _bspa _cCO-ViMGA |
||
| 082 | 0 | 4 | _a392.6 D151g |
| 100 | 1 |
_aDalby, Liza _924231 |
|
| 245 | 1 | 0 | _aGeisha |
| 250 | _a4 | ||
| 260 |
_aBarcelona (España), _cGrijalbo, _c2000 |
||
| 300 | _a320.p. | ||
| 590 | _aForma de adquisición : Premio - Mincultura | ||
| 650 | 1 | 4 |
_aGEISHAS _924232 |
| 650 | 1 | 4 |
_aJAPON VIDA SOCIAL Y COSTUMBRES _924233 |
| 650 | 1 | 4 |
_aMUJERES JAPONESAS - VIDA SOCIAL Y COSTUMBRES _924234 |
| 942 |
_2ddc _cBK |
||
| 999 |
_c26689 _d26689 |
||